Companions of the Hall - Forgotten Realms - Statistics

General Stats
  • This quiz has been taken 56 times
  • The average score is 9 of 11
Answer Stats
Answer % Correct
Drizzt Do'Urden
96%
Drow
93%
Dwarf
91%
Halfling
87%
Human
87%
Bruennor Battlehammer
82%
Regis
80%
Wulfgar
80%
Catti - Brie
71%
(Celestial) Panther
71%
Guenhwyvar
67%
No matching quizzes found
Score Distribution
Percent of People with Each Score
Percentile by Number Answered
Your Score History
You have not taken this quiz